000 00768nam a2200289Ia 4500
001 15066
003 IT-RoPAU
008 130308s9999 xx 000 0 und d
040 _aIT-RoPAU
040 _cIT-RoPAU
041 _aITALIANO
100 _aBate Philip
100 _gCodice Aut. SPICS: 9474
245 _aBalletto e opera alla tv
245 _bSpettacolo Televisivo (Lo)-Antologia di scritti Sulla Tv
250 _a1a ed.
260 _aROMA
260 _bAteneo
260 _c1957 [1° Ed.:1957 - Ed.Ling.Originale:1957]
300 _a"17 p. (prefazione: no ; testo: 17 [pagine: 219-235])"
650 _aENCICLOPEDIE DELLA TELEVISIONE
650 _eCodice materia Spics: 6951
942 _cBK
957 _71
999 _c57034
_d57034
999 _bSI
999 _g1